<?xml version="1.0" encoding="UTF-8"?>
<record
    xmlns:xsi="http://www.w3.org/2001/XMLSchema-instance"
    xsi:schemaLocation="http://www.loc.gov/MARC21/slim http://www.loc.gov/standards/marcxml/schema/MARC21slim.xsd"
    xmlns="http://www.loc.gov/MARC21/slim">

  <leader>01458nam0a2200349   4500</leader>
  <controlfield tag="001">RU\NLR\bibl\1275048</controlfield>
  <controlfield tag="005">20260408152543.0</controlfield>
  <datafield tag="010" ind1=" " ind2=" ">
    <subfield code="a">978-5-9791-0073-9</subfield>
    <subfield code="9">4000</subfield>
  </datafield>
  <datafield tag="021" ind1=" " ind2=" ">
    <subfield code="a">RU</subfield>
    <subfield code="b">2008-57482</subfield>
    <subfield code="9">3201</subfield>
  </datafield>
  <datafield tag="035" ind1=" " ind2=" ">
    <subfield code="a">(NLR Aleph) 001260876</subfield>
  </datafield>
  <datafield tag="090" ind1=" " ind2=" ">
    <subfield code="a">378297</subfield>
    <subfield code="c">378297</subfield>
  </datafield>
  <datafield tag="100" ind1=" " ind2=" ">
    <subfield code="a">20080919d2008    |||y0rusy50      ca</subfield>
  </datafield>
  <datafield tag="101" ind1="1" ind2=" ">
    <subfield code="a">rus</subfield>
    <subfield code="c">eng</subfield>
  </datafield>
  <datafield tag="102" ind1=" " ind2=" ">
    <subfield code="a">RU</subfield>
  </datafield>
  <datafield tag="105" ind1=" " ind2=" ">
    <subfield code="a">y   z   |||||</subfield>
  </datafield>
  <datafield tag="200" ind1="1" ind2=" ">
    <subfield code="a">&#x41F;&#x43E;&#x434;&#x43A;&#x430;&#x447;&#x430;&#x439; &#x43F;&#x440;&#x438;&#x431;&#x44B;&#x43B;&#x44C;</subfield>
    <subfield code="e">&#x43B;&#x443;&#x447;&#x448;&#x438;&#x435; &#x441;&#x43F;&#x43E;&#x441;&#x43E;&#x431;&#x44B; &#x443;&#x432;&#x435;&#x43B;&#x438;&#x447;&#x438;&#x442;&#x44C; &#x43F;&#x440;&#x43E;&#x434;&#x430;&#x436;&#x438; &#x438; &#x43E;&#x431;&#x43E;&#x440;&#x43E;&#x442;&#x44B;, &#x441;&#x43D;&#x438;&#x437;&#x438;&#x442;&#x44C; &#x440;&#x430;&#x441;&#x445;&#x43E;&#x434;&#x44B; &#x438; &#x437;&#x430;&#x442;&#x440;&#x430;&#x442;&#x44B; &#x438; &#x434;&#x43E;&#x431;&#x438;&#x442;&#x44C;&#x441;&#x44F; &#x440;&#x43E;&#x441;&#x442;&#x430; &#x43F;&#x440;&#x438;&#x431;&#x44B;&#x43B;&#x438; &#x432; &#x443;&#x441;&#x43B;&#x43E;&#x432;&#x438;&#x44F;&#x445; &#x43B;&#x44E;&#x431;&#x43E;&#x433;&#x43E; &#x440;&#x44B;&#x43D;&#x43A;&#x430;</subfield>
    <subfield code="f">&#x411;&#x440;&#x430;&#x439;&#x430;&#x43D; &#x422;&#x440;&#x435;&#x439;&#x441;&#x438;</subfield>
    <subfield code="g">[&#x43F;&#x435;&#x440;. &#x441; &#x430;&#x43D;&#x433;&#x43B;. &#x414;. &#x414;&#x438;&#x430;&#x441;]</subfield>
  </datafield>
  <datafield tag="205" ind1=" " ind2=" ">
    <subfield code="a">2-&#x435; &#x438;&#x437;&#x434;., &#x441;&#x442;&#x435;&#x440;.</subfield>
  </datafield>
  <datafield tag="210" ind1=" " ind2=" ">
    <subfield code="a">&#x41C;&#x43E;&#x441;&#x43A;&#x432;&#x430;</subfield>
    <subfield code="c">Smart book</subfield>
    <subfield code="d">2008</subfield>
  </datafield>
  <datafield tag="215" ind1=" " ind2=" ">
    <subfield code="a">78, [1] &#x441;.</subfield>
    <subfield code="d">17</subfield>
  </datafield>
  <datafield tag="225" ind1="1" ind2=" ">
    <subfield code="a">21 &#x441;&#x442;&#x443;&#x43F;&#x435;&#x43D;&#x44C; &#x43A; &#x443;&#x441;&#x43F;&#x435;&#x445;&#x443;</subfield>
  </datafield>
  <datafield tag="225" ind1="1" ind2=" ">
    <subfield code="a">&#x41C;&#x438;&#x440;&#x43E;&#x432;&#x43E;&#x439; &#x431;&#x435;&#x441;&#x442;&#x441;&#x435;&#x43B;&#x43B;&#x435;&#x440;</subfield>
  </datafield>
  <datafield tag="606" ind1="1" ind2=" ">
    <subfield code="a">&#x422;&#x43E;&#x440;&#x433;&#x43E;&#x432;&#x43B;&#x44F;</subfield>
    <subfield code="x">&#x41C;&#x430;&#x440;&#x43A;&#x435;&#x442;&#x438;&#x43D;&#x433;</subfield>
    <subfield code="9">2087709</subfield>
    <subfield code="3">RU\NLR\auth\661263884</subfield>
  </datafield>
  <datafield tag="606" ind1="1" ind2=" ">
    <subfield code="a">&#x422;&#x43E;&#x440;&#x433;&#x43E;&#x432;&#x43B;&#x44F;</subfield>
    <subfield code="x">&#x41F;&#x440;&#x435;&#x434;&#x43F;&#x440;&#x438;&#x43D;&#x438;&#x43C;&#x430;&#x442;&#x435;&#x43B;&#x44C;&#x441;&#x442;&#x432;&#x43E;</subfield>
    <subfield code="9">2125616</subfield>
    <subfield code="3">RU\NLR\auth\661283060</subfield>
  </datafield>
  <datafield tag="606" ind1=" " ind2=" ">
    <subfield code="a">&#x41F;&#x440;&#x438;&#x431;&#x44B;&#x43B;&#x44C;</subfield>
    <subfield code="3">RU\NLR\auth\6610896</subfield>
    <subfield code="9">907060</subfield>
  </datafield>
  <datafield tag="686" ind1=" " ind2=" ">
    <subfield code="a">&#x423;42(0)1-361.4</subfield>
  </datafield>
  <datafield tag="686" ind1=" " ind2=" ">
    <subfield code="a">&#x423;42(0)1-13</subfield>
  </datafield>
  <datafield tag="700" ind1=" " ind2="1">
    <subfield code="4">070</subfield>
    <subfield code="8">rus</subfield>
    <subfield code="7">ca</subfield>
    <subfield code="a">&#x422;&#x440;&#x435;&#x439;&#x441;&#x438;</subfield>
    <subfield code="b">&#x411;.</subfield>
    <subfield code="f">1944-</subfield>
    <subfield code="g">&#x411;&#x440;&#x430;&#x439;&#x430;&#x43D;</subfield>
    <subfield code="3">RU\NLR\auth\7769295</subfield>
    <subfield code="9">52223</subfield>
  </datafield>
  <datafield tag="801" ind1=" " ind2="0">
    <subfield code="a">RU</subfield>
    <subfield code="b">NLR</subfield>
    <subfield code="c">20080919</subfield>
    <subfield code="g">RCR</subfield>
  </datafield>
  <datafield tag="801" ind1=" " ind2="1">
    <subfield code="a">RU</subfield>
    <subfield code="b">NLR</subfield>
    <subfield code="c">20080919</subfield>
  </datafield>
  <datafield tag="942" ind1=" " ind2=" ">
    <subfield code="c">BOOK</subfield>
  </datafield>
  <datafield tag="980" ind1=" " ind2=" ">
    <subfield code="a">NB</subfield>
  </datafield>
  <datafield tag="995" ind1=" " ind2=" ">
    <subfield code="5">2008-09-19</subfield>
    <subfield code="a">ad</subfield>
    <subfield code="b">NLR01</subfield>
    <subfield code="c">NLR01</subfield>
    <subfield code="e">RF9</subfield>
    <subfield code="f">1-1484067</subfield>
    <subfield code="k">2008-2/4151</subfield>
    <subfield code="o">0</subfield>
    <subfield code="r">BOOK</subfield>
    <subfield code="s">200824151_</subfield>
  </datafield>
  <datafield tag="995" ind1=" " ind2=" ">
    <subfield code="5">2008-09-19</subfield>
    <subfield code="a">ad</subfield>
    <subfield code="b">NLR01</subfield>
    <subfield code="c">NLR01</subfield>
    <subfield code="e">RF9</subfield>
    <subfield code="f">2756991</subfield>
    <subfield code="k">2008-2/4151</subfield>
    <subfield code="o">0</subfield>
    <subfield code="r">BOOK</subfield>
    <subfield code="s">200824151_</subfield>
  </datafield>
</record>
